LEADER 01841nas 2200613- 450 001 996208597503316 005 20221206213023.0 011 $a2095-1698 035 $a(OCoLC)729399831 035 $a(CKB)3400000000000213 035 $a(CONSER)--2019205746 035 $a(MiAaPQ)54393 035 $a(DE-599)ZDB2657153-5 035 $a(EXLCZ)993400000000000213 100 $a20110607a20119999 --- a 101 0 $aeng 135 $aur||||||||||| 181 $ctxt$2rdacontent 182 $cc$2rdamedia 183 $acr$2rdacarrier 200 00$aFrontiers in energy 210 1$a[Beijing] :$cHigher Education Press ;$a[Heidelberg] :$cSpringer-Verlag,$d©2011- 215 $a1 online resource 300 $aRefereed/Peer-reviewed 311 $a2095-1701 606 $aPower resources$vPeriodicals 606 $aPower resources$xResearch$vPeriodicals 606 $aRessources énergétiques$vPériodiques 606 $aRessources énergétiques$xRecherche$vPériodiques 606 $aPower resources$2fast$3(OCoLC)fst01074275 606 $aPower resources$xResearch$2fast$3(OCoLC)fst01074337 608 $aPeriodical 608 $aperiodicals.$2aat 608 $aPeriodicals.$2fast 608 $aPeriodicals.$2lcgft 608 $aPériodiques.$2rvmgf 610 00$aenergie 610 00$aenergy 610 00$aelektrische kracht 610 00$aelectric power 610 00$achina 610 10$aEnergy 610 10$aEnergie 615 0$aPower resources 615 0$aPower resources$xResearch 615 6$aRessources énergétiques 615 6$aRessources énergétiques$xRecherche 615 7$aPower resources. 615 7$aPower resources$xResearch. 676 $a621.042 906 $aJOURNAL 912 $a996208597503316 996 $aFrontiers in energy$91974958 997 $aUNISA LEADER 00884nas 2200325 c 450 001 9910946468103321 005 20260218110103.0 035 $a(DE-599)ZDB3204058-1 035 $a(OCoLC)1485656251 035 $a(DE-101)1352950324 035 $a(CKB)5690000000442550 035 $a(DE-599)3204058-1 035 $a(EXLCZ)995690000000442550 100 $a20250109b19431944 |y | 101 0 $alit 135 $aur||||||||||| 181 $ctxt$2rdacontent 182 $cc$2rdamedia 183 $acr$2rdacarrier 200 00$aAteitis 210 31$a[Erscheinungsort nicht ermittelbar]$cLietuvos nacionaline? Martyno Maz?vydo biblioteka$d1943-1944 215 $aOnline-Ressource 608 $aZeitschrift$2gnd-content 801 0$b9001 801 1$bDE-101 801 2$b9999 906 $aJOURNAL 912 $a9910946468103321 996 $aAteitis$94243033 997 $aUNINA